[Event "Global Chess League"]
[Site "Dubai UAE"]
[Date "2023.06.25"]
[Round "5.3"]
[White "Teimour Radjabov"]
[Black "Daniil Dubov"]
[Result "1/2-1/2"]
[EventDate "2023.06.22"]
[WhiteElo "2747"]
[BlackElo "2716"]
[PlyCount "100"]

1. d4 d5 2. c4 c6 3. Nc3 Nf6 4. Nf3 dxc4 5. a4 Bf5 6. e3 e6 7. Bxc4 Bb4 8. O-O O-O 9. Qb3 Qe7 10. a5 Nbd7 11. Bd2 b5 12. axb6 axb6 13. e4 Rxa1 14. Rxa1 Bxc3 15. exf5 Bxd2 16. fxe6 b5 17. Bf1 Bf4 18. exd7 Qxd7 19. g3 Bd6 20. Rc1 Rc8 21. Ne5 Bxe5 22. dxe5 Ng4 23. Qc3 b4 24. Qc5 Qd2 25. Rc4 Qg5 26. f4 Qh5 27. h3 Nh6 28. Rxb4 Qg6 29. g4 Kh8 30. Qd6 Qb1 31. Rb8 Rxb8 32. Qxb8+ Ng8 33. Qb4 h5 34. Qd2 Nh6 35. Qd8+ Ng8 36. Qh4 Qxb2 37. Qxh5+ Nh6 38. Qh4 Qd4+ 39. Qf2 Qc3 40. Kg2 c5 41. Qe2 Ng8 42. Qc4 Qd2+ 43. Kf3 Qd1+ 44. Kf2 Qd2+ 45. Be2 Ne7 46. Qxf7 Nd5 47. Qf8+ Kh7 48. Qf5+ Kh8 49. Qh5+ Kg8 50. Qe8+ Kh7 1/2-1/2

[Event "Global Chess League"]
[Site "Dubai UAE"]
[Date "2023.06.24"]
[Round "3.3"]
[White "Santosh Gujrathi Vidit"]
[Black "Daniil Dubov"]
[Result "1/2-1/2"]
[EventDate "2023.06.22"]
[WhiteElo "2712"]
[BlackElo "2716"]
[PlyCount "72"]

1. e4 e5 2. Nf3 Nc6 3. Bc4 Nf6 4. d3 Bc5 5. O-O h6 6. c3 Bb6 7. a4 a5 8. Nbd2 O-O 9. Re1 Ng4 10. Rf1 d6 11. h3 Nf6 12. Re1 Nh5 13. Nf1 Qf6 14. Be3 Bxe3 15. Nxe3 Nf4 16. h4 g5 17. Nd5 Nxd5 18. exd5 Ne7 19. d4 Bg4 20. dxe5 dxe5 21. Re4 Bxf3 22. Qxf3 Qxf3 23. gxf3 Ng6 24. h5 Nh4 25. Re3 Kg7 26. Kf1 f6 27. Bd3 Rfd8 28. c4 c6 29. f4 cxd5 30. fxe5 d4 31. exf6+ Kxf6 32. Re4 Nf3 33. Ke2 Nh4 34. Kf1 Nf3 35. Ke2 Nh4 36. Kf1 1/2-1/2

[Event "Global Chess League"]
[Site "Dubai UAE"]
[Date "2023.06.22"]
[Round "1.3"]
[White "Dominguez Perez, Leinier"]
[Black "Daniil Dubov"]
[Result "1/2-1/2"]
[EventDate "2023.06.22"]
[WhiteElo "2739"]
[BlackElo "2716"]
[PlyCount "56"]

1. e4 c5 2. Nf3 Nc6 3. d4 cxd4 4. Nxd4 Nf6 5. Nc3 e5 6. Ndb5 d6 7. Bg5 a6 8. Na3 b5 9. Nd5 Be7 10. Bxf6 Bxf6 11. c4 b4 12. Nc2 Rb8 13. Qf3 Be6 14. Nxf6+ Qxf6 15. Qxf6 gxf6 16. b3 f5 17. exf5 Bxf5 18. Ne3 Nd4 19. O-O-O Be6 20. Bd3 Ke7 21. Rhf1 f5 22. f4 Rbf8 23. Rf2 Rf7 24. Kb2 a5 25. Nc2 Nc6 26. Ne3 Nd4 27. Nc2 Nc6 28. Ne3 1/2-1/2

[Event "Russian Team Chess Championships"]
[Site "Sochi RUS"]
[Date "2023.05.09"]
[Round "8.2"]
[White "Daniil Dubov"]
[Black "Sanan Sjugirov"]
[Result "1/2-1/2"]
[EventDate "2023.05.01"]
[WhiteElo "2708"]
[BlackElo "2712"]
[PlyCount "42"]

1. Nf3 d5 2. g3 g6 3. Bg2 Bg7 4. d4 Nf6 5. O-O O-O 6. c3 a5 7. a4 Re8 8. Bg5 Nbd7 9. Nbd2 h6 10. Bxf6 Nxf6 11. Re1 c6 12. e4 dxe4 13. Nxe4 Bg4 14. Qb3 Nxe4 15. Rxe4 Bxf3 16. Bxf3 Qd7 17. Rd1 e6 18. Qb6 Ra6 19. Qb3 Raa8 20. Qb6 Ra6 21. Qb3 1/2-1/2

[Event "Russian Team Chess Championships"]
[Site "Sochi RUS"]
[Date "2023.05.07"]
[Round "6.3"]
[White "Mihail Nikitenko"]
[Black "Daniil Dubov"]
[Result "1/2-1/2"]
[EventDate "2023.05.01"]
[WhiteElo "2522"]
[BlackElo "2708"]
[PlyCount "56"]

1. e4 c5 2. Nf3 Nc6 3. Nc3 e5 4. Bc4 Be7 5. d3 d6 6. Nd5 Nf6 7. c3 O-O 8. O-O Rb8 9. Nxf6+ Bxf6 10. a4 Qe7 11. a5 Be6 12. Qa4 Bd7 13. Qa2 Bg4 14. Nd2 Bg5 15. Re1 Kh8 16. Nf1 Bxc1 17. Raxc1 Qg5 18. Ne3 Bd7 19. a6 b5 20. Bd5 Ne7 21. b4 Ng6 22. Bb7 Nf4 23. Rcd1 Be6 24. Qb2 cxb4 25. cxb4 Bc8 26. Bxc8 Rbxc8 27. d4 Rc6 28. g3 exd4 1/2-1/2

[Event "Russian Team Chess Championships"]
[Site "Sochi RUS"]
[Date "2023.05.05"]
[Round "5.3"]
[White "Daniil Dubov"]
[Black "Andrey Rychagov"]
[Result "1/2-1/2"]
[EventDate "2023.05.01"]
[WhiteElo "2708"]
[BlackElo "2547"]
[PlyCount "118"]

1. e4 e6 2. d4 d5 3. Nc3 Bb4 4. Ne2 Nf6 5. Bg5 dxe4 6. a3 Be7 7. g3 Nc6 8. Bg2 e5 9. Bxf6 Bxf6 10. d5 Nd4 11. Nxd4 exd4 12. Nxe4 Bf5 13. Nxf6+ Qxf6 14. Qe2+ Qe7 15. Qxe7+ Kxe7 16. O-O-O d3 17. c4 Kd6 18. Kd2 a5 19. b3 Rhe8 20. Rhe1 Rab8 21. Bf1 Bg4 22. Rc1 Rxe1 23. Rxe1 c6 24. dxc6 bxc6 25. Rb1 Be2 26. Bxe2 dxe2 27. Kxe2 c5 28. Kd3 Kc6 29. Kc3 Re8 30. b4 axb4+ 31. axb4 cxb4+ 32. Rxb4 Re1 33. Rb2 Rc1+ 34. Kb4 Rf1 35. h4 h5 36. Ra2 Rb1+ 37. Kc3 Kd6 38. Rd2+ Kc6 39. Kd4 Re1 40. Ra2 Rf1 41. Ke4 Re1+ 42. Kf5 Re7 43. Ra5 Re2 44. f3 Re3 45. Kf4 Rc3 46. Rxh5 Rxc4+ 47. Kg5 Rc3 48. Kg4 Kd6 49. Rh7 Rc7 50. Kg5 g6 51. h5 Rc5+ 52. Kf6 Rf5+ 53. Kg7 gxh5 54. f4 Kd5 55. Kg8 Ke4 56. Rxf7 Rxf7 57. Kxf7 Kf3 58. Kg6 Kxg3 59. Kxh5 Kxf4 1/2-1/2

[Event "Chessable Masters Div 2"]
[Site "chess.com INT"]
[Date "2023.04.03"]
[Round "1"]
[White "Denis Lazavik"]
[Black "Daniil Dubov"]
[Result "1/2-1/2"]
[EventDate "?"]
[WhiteElo "2488"]
[BlackElo "2727"]
[PlyCount "62"]

1. d4 Nf6 2. c4 g6 3. g3 Bg7 4. Bg2 O-O 5. Nc3 Nc6 6. Nf3 d5 7. cxd5 Nxd5 8. O-O e5 9. Bg5 f6 10. Bc1 Nxc3 11. bxc3 e4 12. Nd2 f5 13. Rb1 Rb8 14. f3 e3 15. Nc4 Be6 16. Nxe3 Bxa2 17. Ra1 Bf7 18. Nc2 b5 19. Ba3 b4 20. Nxb4 Nxb4 21. Bxb4 Rxb4 22. cxb4 Qxd4+ 23. Qxd4 Bxd4+ 24. e3 Bxa1 25. Rxa1 Rb8 26. Rxa7 Rxb4 27. Rxc7 Rb3 28. e4 Rb1+ 29. Bf1 fxe4 30. fxe4 Re1 31. Kf2 Rxe4 1/2-1/2

[Event "Chessable Masters Div 2"]
[Site "chess.com INT"]
[Date "2023.04.03"]
[Round "3"]
[White "Denis Lazavik"]
[Black "Daniil Dubov"]
[Result "1/2-1/2"]
[EventDate "?"]
[WhiteElo "2488"]
[BlackElo "2727"]
[PlyCount "106"]

1. d4 Nf6 2. c4 g6 3. g3 Bg7 4. Bg2 O-O 5. Nf3 c6 6. O-O d5 7. Qa4 b5 8. cxb5 cxb5 9. Qb3 Nc6 10. Qxb5 Bd7 11. Qd3 Bf5 12. Qd1 Nb4 13. Ne1 Nc6 14. Nc3 Ne4 15. Be3 Rb8 16. Rc1 Qd7 17. b3 Rbc8 18. Nxe4 dxe4 19. Nc2 Rfd8 20. Qd2 e5 21. d5 Nd4 22. Nxd4 Rxc1 23. Rxc1 exd4 24. Bxd4 Qxd5 25. e3 Bxd4 26. exd4 Qxd4 27. Qxd4 Rxd4 28. Re1 h5 29. h3 Rd2 30. g4 hxg4 31. hxg4 Be6 32. Rxe4 Rxa2 33. b4 Kf8 34. g5 Rb2 35. Rd4 Ke7 36. Be4 f6 37. f4 fxg5 38. fxg5 Bf7 39. Bc6 a6 40. Be4 Be8 41. Bd3 Bc6 42. Bxa6 Rg2+ 43. Kf1 Rxg5 44. Bd3 Ke6 45. Kf2 Ke5 46. Rd8 Rg2+ 47. Ke3 Rb2 48. b5 Bxb5 49. Rb8 Rb3 50. Rxb5+ Rxb5 51. Bxb5 g5 52. Be2 g4 53. Bxg4 1/2-1/2

[Event "Chessable Masters Div 2"]
[Site "chess.com INT"]
[Date "2023.04.03"]
[Round "5"]
[White "Daniil Dubov"]
[Black "Denis Lazavik"]
[Result "0-1"]
[EventDate "?"]
[WhiteElo "2727"]
[BlackElo "2488"]
[PlyCount "162"]

1. e4 e5 2. Nf3 Nc6 3. Bb5 Nf6 4. d3 Bc5 5. Ba4 d6 6. O-O h6 7. c3 O-O 8. Nbd2 Bb6 9. Nc4 Ne7 10. Re1 Ng6 11. h3 Be6 12. Nxb6 axb6 13. Bc2 c5 14. Bd2 Re8 15. d4 Rxa2 16. Rxa2 Bxa2 17. d5 Bc4 18. Nh2 Bb5 19. g3 Bd7 20. h4 Nh7 21. Nf1 b5 22. Ne3 Nf6 23. Kg2 Qc8 24. Qe2 c4 25. Rh1 Ne7 26. Rg1 Ng4 27. Nxg4 Bxg4 28. f3 Bd7 29. g4 Ng6 30. h5 Nf4+ 31. Bxf4 exf4 32. Qd2 Qc5 33. Ra1 f6 34. Qxf4 b4 35. Qd2 bxc3 36. bxc3 b5 37. Ra6 Rb8 38. Qf4 b4 39. cxb4 Qxb4 40. Rxd6 Qe1 41. Qg3 Qc1 42. Rxd7 Rb2 43. Kh3 Rxc2 44. Qb8+ Kh7 45. Rxg7+ Kxg7 46. Qc7+ Kg8 47. Qd8+ Kg7 48. Qe7+ Kg8 49. Qe8+ Kg7 50. Qe7+ Kg8 51. Qe8+ Kg7 52. Qg6+ Kf8 53. Qxf6+ Kg8 54. Qe6+ Kf8 55. Qc8+ Kg7 56. Qc7+ Kg8 57. Qb8+ Kg7 58. Qa7+ Kg8 59. Qb8+ Kg7 60. Qb7+ Kg8 61. Qc8+ Kg7 62. Qd7+ Kg8 63. Qe8+ Kg7 64. Qe7+ Kg8 65. Qe6+ Kg7 66. Qe5+ Kg8 67. Qe8+ Kg7 68. Kg3 Qe1+ 69. Kf4 Qd2+ 70. Ke5 Qg5+ 71. Kd4 Qd2+ 72. Kc5 Qa5+ 73. Kd6 Qb6+ 74. Ke7 Qf6+ 75. Kd7 Qf7+ 76. Qxf7+ Kxf7 77. e5 Re2 78. e6+ Kf6 79. f4 c3 80. g5+ hxg5 81. fxg5+ Kxg5 0-1

[Event "Airthings Masters Div 2"]
[Site "chess.com INT"]
[Date "2023.02.06"]
[Round "1"]
[White "Daniil Dubov"]
[Black "Martyn Kravtsiv"]
[Result "0-1"]
[EventDate "?"]
[WhiteElo "2727"]
[BlackElo "2675"]
[PlyCount "120"]

1. d4 Nf6 2. c4 e6 3. Nf3 d5 4. g3 Be7 5. Bg2 O-O 6. O-O c6 7. Bf4 Nbd7 8. Nbd2 b6 9. e4 Nxe4 10. Nxe4 dxe4 11. Ne5 Nxe5 12. dxe5 Ba6 13. Qg4 g6 14. b3 Qc7 15. Bxe4 Rad8 16. Qf3 Bb7 17. Rad1 Rxd1 18. Rxd1 Rd8 19. Rxd8+ Bxd8 20. b4 Ba6 21. Qd3 Be7 22. a3 Qd8 23. Qc3 Qd7 24. Kg2 h5 25. h4 Kg7 26. a4 Bb7 27. Bf3 Kf8 28. c5 bxc5 29. bxc5 Ba6 30. Bg5 Bxg5 31. hxg5 Ke7 32. Kh2 Kf8 33. Qa5 Bc4 34. Qb4 Qd4 35. Bg2 h4 36. gxh4 Qxh4+ 37. Kg1 Qg4 38. Kh2 Qh4+ 39. Kg1 Qg4 40. Kh2 Kg7 41. a5 Qf4+ 42. Kg1 Qc1+ 43. Kh2 Qf4+ 44. Kg1 Qg4 45. Kh2 a6 46. Qd2 Qh4+ 47. Kg1 Qg4 48. Kh2 Bd5 49. Bxd5 exd5 50. Qe3 d4 51. Qg3 Qf5 52. f4 d3 53. e6 fxe6 54. Qe3 Qd5 55. Qd2 Qd4 56. Kg3 Kf7 57. Kf3 Qd5+ 58. Kg3 Qd4 59. Qh2 Qe3+ 60. Kh4 d2 0-1

[Event "Airthings Masters Div 2"]
[Site "chess.com INT"]
[Date "2023.02.06"]
[Round "2"]
[White "Martyn Kravtsiv"]
[Black "Daniil Dubov"]
[Result "1/2-1/2"]
[EventDate "?"]
[WhiteElo "2675"]
[BlackElo "2727"]
[PlyCount "54"]

1. e4 e5 2. Nf3 Nc6 3. Bc4 Nf6 4. d4 d6 5. dxe5 dxe5 6. Qxd8+ Nxd8 7. Nc3 Bb4 8. Bd2 Be6 9. Nxe5 Bxc3 10. Bxc3 Nxe4 11. Ba5 b6 12. Bb5+ Ke7 13. Bd3 Nd6 14. Bc3 f6 15. Nf3 c5 16. O-O-O Nc6 17. Rhe1 Rad8 18. Nd2 Kf7 19. Ne4 Nf5 20. Ng3 Nfd4 21. Ne2 Nxe2+ 22. Bxe2 Nb4 23. Bxb4 cxb4 24. b3 a5 25. Kb2 Rxd1 26. Rxd1 Ke7 27. a3 1/2-1/2

[Event "Airthings Masters Div 2"]
[Site "chess.com INT"]
[Date "2023.02.06"]
[Round "3"]
[White "Daniil Dubov"]
[Black "Martyn Kravtsiv"]
[Result "1-0"]
[EventDate "?"]
[WhiteElo "2727"]
[BlackElo "2675"]
[PlyCount "100"]

1. d4 Nf6 2. Nf3 e6 3. c4 d5 4. g3 Be7 5. Bg2 O-O 6. O-O c6 7. Bf4 Nbd7 8. Nbd2 Nh5 9. e3 Nxf4 10. exf4 b6 11. Re1 Bb7 12. Ne5 Nxe5 13. dxe5 Bb4 14. Re3 Rc8 15. Nf3 Qe7 16. Qc2 g6 17. a3 Bc5 18. Rc3 a5 19. Rc1 Rfd8 20. h4 h5 21. Bf1 Kg7 22. Kh2 Qf8 23. Bh3 Be7 24. Rb3 Bc5 25. Ng5 Qe7 26. Rf3 Rc7 27. cxd5 cxd5 28. Qd2 d4 29. Rd3 Ba6 30. Rg1 Bxd3 31. Qxd3 Rh8 32. Bg2 Qd7 33. Be4 Be7 34. Nf3 Rcc8 35. g4 hxg4 36. Rxg4 Kf8 37. Bxg6 fxg6 38. Qxg6 Bd8 39. Nxd4 Qf7 40. Nxe6+ Ke7 41. f5 Qxg6 42. Rxg6 Rxh4+ 43. Kg3 Rh7 44. Ng5 Rh1 45. Rg7+ Ke8 46. f6 Rg1+ 47. Kf4 Rc4+ 48. Kf5 Rc5 49. f7+ Kd7 50. f8=Q+ 1-0

[Event "Airthings Masters Div 2"]
[Site "chess.com INT"]
[Date "2023.02.06"]
[Round "4"]
[White "Martyn Kravtsiv"]
[Black "Daniil Dubov"]
[Result "1/2-1/2"]
[EventDate "?"]
[WhiteElo "2675"]
[BlackElo "2727"]
[PlyCount "94"]

1. e4 e5 2. Nf3 Nc6 3. d4 exd4 4. Bc4 Nf6 5. e5 d5 6. Bb5 Ne4 7. Nxd4 Bc5 8. Be3 O-O 9. Bxc6 bxc6 10. O-O Bxd4 11. Qxd4 c5 12. Qd3 Bf5 13. Qe2 Re8 14. f3 Nf6 15. Bxc5 Nd7 16. Qf2 Rxe5 17. Nc3 Nxc5 18. Qxc5 Bxc2 19. Rac1 Bf5 20. f4 Re6 21. Qxd5 Qxd5 22. Nxd5 Rd8 23. Rfd1 Kf8 24. Nxc7 Red6 25. Rxd6 Rxd6 26. Rc5 g6 27. Nd5 Be6 28. Nc3 Rd2 29. b4 Bxa2 30. Ra5 Bc4 31. Rxa7 Rc2 32. Ra3 Kg7 33. b5 Rb2 34. Ra4 Bxb5 35. Nxb5 Rxb5 36. Kf2 h5 37. Ra6 Rb3 38. h4 Rc3 39. Rb6 Kf8 40. Rb7 Rc6 41. Kf3 Kg7 42. Rb5 Kf6 43. Re5 Rc3+ 44. Kf2 Rc1 45. g3 Rc3 46. Kg2 Rc6 47. Kf3 1/2-1/2

[Event "Airthings Masters Div 2"]
[Site "chess.com INT"]
[Date "2023.02.06"]
[Round "5"]
[White "Martyn Kravtsiv"]
[Black "Daniil Dubov"]
[Result "1-0"]
[EventDate "?"]
[WhiteElo "2675"]
[BlackElo "2727"]
[PlyCount "158"]

1. e4 c5 2. Nf3 e6 3. d4 cxd4 4. Nxd4 Nf6 5. Nc3 Nc6 6. Be2 Qc7 7. Be3 a6 8. O-O Be7 9. f4 d6 10. Kh1 h5 11. Bf3 Bd7 12. Qe2 Rc8 13. Rad1 h4 14. h3 b5 15. a3 Nxd4 16. Rxd4 Bc6 17. f5 Qb7 18. fxe6 fxe6 19. Bg5 a5 20. Bxf6 gxf6 21. Bg4 Bd7 22. Nd1 Rc5 23. Ne3 Re5 24. Bf3 Qb6 25. Qd3 Kd8 26. b4 Rg5 27. Rd1 Ke8 28. c4 axb4 29. axb4 Bc8 30. Qc3 Kf7 31. cxb5 Qxb5 32. Nc4 Rd8 33. Qc1 Kg7 34. Nxd6 Bxd6 35. Rxd6 Rxd6 36. Rxd6 Qxb4 37. Rc6 Bb7 38. Rxe6 Rc5 39. Qf4 Qe1+ 40. Kh2 Qg3+ 41. Qxg3+ hxg3+ 42. Kxg3 Kf7 43. Rb6 Bc8 44. h4 Rc7 45. Rb5 Kg7 46. Rb6 Bd7 47. Kf4 Be8 48. Rd6 Bf7 49. Rb6 Ra7 50. g4 Rc7 51. Rd6 Ra7 52. Rd4 Rc7 53. e5 fxe5+ 54. Kxe5 Rc5+ 55. Kf4 Rc4 56. Rxc4 Bxc4 57. Be4 Be2 58. Bf3 Bc4 59. g5 Bf7 60. Bg4 Kh8 61. Bf5 Bh5 62. Bg4 Be8 63. Bf3 Kg7 64. Be2 Kh8 65. Ke5 Kg7 66. Bf3 Bf7 67. Kf5 Bg6+ 68. Ke5 Be8 69. Bg4 Bg6 70. h5 Be8 71. Bf3 Bf7 72. Kf4 Be8 73. Bg4 Kh8 74. h6 Bg6 75. Ke5 Bf7 76. Kf6 Be8 77. Bf3 Kh7 78. Bd5 Kh8 79. Bf7 1-0

[Event "Airthings Masters"]
[Site "chess.com INT"]
[Date "2023.02.03"]
[Round "1"]
[White "Bogdan-Daniel Deac"]
[Black "Daniil Dubov"]
[Result "1/2-1/2"]
[EventDate "2023.02.03"]
[WhiteElo "2700"]
[BlackElo "2708"]
[PlyCount "46"]

1. e4 c5 2. Nf3 e6 3. g3 d5 4. Nc3 Nf6 5. exd5 exd5 6. d4 Nc6 7. Bg2 cxd4 8. Nxd4 Bg4 9. Qd3 Bc5 10. Be3 Bxd4 11. Bxd4 Qe7+ 12. Kf1 Nxd4 13. Qxd4 O-O 14. Re1 Be6 15. Ne2 Qd7 16. Nf4 Bf5 17. Nxd5 Nxd5 18. Qxd5 Rad8 19. Qxd7 Rxd7 20. Be4 Bh3+ 21. Bg2 Bf5 22. Be4 Bh3+ 23. Bg2 Bf5 1/2-1/2

[Event "Airthings Masters"]
[Site "chess.com INT"]
[Date "2023.02.03"]
[Round "2"]
[White "Daniil Dubov"]
[Black "Benjamin Gledura"]
[Result "1-0"]
[EventDate "2023.02.03"]
[WhiteElo "2708"]
[BlackElo "2633"]
[PlyCount "76"]

1. d4 d5 2. Nf3 Nf6 3. Bg5 Ne4 4. Bh4 Qd6 5. c4 Qb4+ 6. Nbd2 Qxb2 7. Rb1 Qxa2 8. Qc1 Qa5 9. cxd5 Qxd5 10. e3 Nxd2 11. Nxd2 c6 12. Be2 e6 13. O-O Qd7 14. Ne4 b6 15. Qc3 Be7 16. d5 Bxh4 17. Qxg7 Rf8 18. dxc6 Qc7 19. Rfd1 Be7 20. Rbc1 Nxc6 21. Bb5 Bb7 22. Qg3 Qxg3 23. Rxc6 f5 24. Rc7+ Kf7 25. Rxe7+ Kxe7 26. Rd7+ Ke8 27. Rxb7+ Kd8 28. Nxg3 a6 29. Bc4 b5 30. Bxe6 Rf6 31. Bxf5 a5 32. Rxb5 a4 33. Rd5+ Kc7 34. Rc5+ Rc6 35. Rxc6+ Kxc6 36. Be4+ Kd6 37. Bxa8 a3 38. Ne4+ 1-0

[Event "Airthings Masters"]
[Site "chess.com INT"]
[Date "2023.02.03"]
[Round "4"]
[White "Eltaj Safarli"]
[Black "Daniil Dubov"]
[Result "1/2-1/2"]
[EventDate "2023.02.03"]
[WhiteElo "2608"]
[BlackElo "2708"]
[PlyCount "28"]

1. e4 e5 2. Nf3 Nc6 3. Bb5 a6 4. Ba4 Nf6 5. Nc3 Bc5 6. d3 b5 7. Bb3 d6 8. Nd5 h6 9. c3 Be6 10. O-O Bxd5 11. exd5 Ne7 12. d4 exd4 13. Nxd4 O-O 14. Qf3 Nd7 1/2-1/2

[Event "Airthings Masters"]
[Site "chess.com INT"]
[Date "2023.02.03"]
[Round "5"]
[White "Daniil Dubov"]
[Black "Matthias Bluebaum"]
[Result "1/2-1/2"]
[EventDate "2023.02.03"]
[WhiteElo "2708"]
[BlackElo "2663"]
[PlyCount "64"]

1. d4 d5 2. c4 e6 3. Nf3 Nf6 4. g3 Nc6 5. Bg2 Bd6 6. O-O O-O 7. a3 dxc4 8. Nbd2 Na5 9. Qa4 c5 10. Nxc4 Nxc4 11. Qxc4 cxd4 12. Qxd4 Qe7 13. Bf4 Bxf4 14. Qxf4 Bd7 15. Ne5 Bb5 16. Rfe1 Nd5 17. Bxd5 exd5 18. Nf3 Rac8 19. Nd4 Bd7 20. Rac1 Rc4 21. Rxc4 dxc4 22. Qc7 Qf6 23. Qxd7 Rd8 24. Qxb7 Qxd4 25. Rc1 h5 26. h4 Re8 27. e3 Rxe3 28. Qc8+ Kh7 29. Qf5+ Kg8 30. Qc8+ Kh7 31. Qf5+ Kg8 32. Qc8+ 1/2-1/2

[Event "Airthings Masters"]
[Site "chess.com INT"]
[Date "2023.02.03"]
[Round "6"]
[White "Alan Pichot"]
[Black "Daniil Dubov"]
[Result "0-1"]
[EventDate "2023.02.03"]
[WhiteElo "2638"]
[BlackElo "2708"]
[PlyCount "134"]

1. e4 c5 2. Nf3 e6 3. d4 cxd4 4. Nxd4 Nf6 5. Nc3 Nc6 6. Be2 Qc7 7. O-O Be7 8. Be3 O-O 9. f4 d6 10. Kh1 Bd7 11. Qe1 Nxd4 12. Bxd4 Bc6 13. Qg3 g6 14. e5 Ne8 15. Qh3 Ng7 16. Bd3 h5 17. Ne4 Bxe4 18. Bxe4 d5 19. Bd3 Bc5 20. Bxc5 Qxc5 21. g4 hxg4 22. Qxg4 Nf5 23. Rg1 Qc6 24. Rae1 Rac8 25. Rg2 d4 26. Qg5 Qd5 27. h3 Qd8 28. Qg4 Qh4 29. Re4 Qxg4 30. hxg4 Ne3 31. Rg3 Rfd8 32. f5 exf5 33. gxf5 Nxf5 34. Rf3 Re8 35. Rg4 Ne3 36. Rxd4 Rxe5 37. Rd7 Rf8 38. Rxb7 a5 39. Kg1 Kg7 40. a3 Ng4 41. b4 axb4 42. axb4 Rd5 43. b5 Ne5 44. Re3 Nxd3 45. Rxd3 Rxd3 46. cxd3 Rd8 47. b6 Rxd3 48. Rc7 Rb3 49. b7 Rb2 50. Kf1 g5 51. Ke1 Kg6 52. Kd1 g4 53. Kc1 Rb5 54. Kc2 f5 55. Kc3 Kg5 56. Kc4 Rb1 57. Kd3 Kf4 58. Kc2 Rb5 59. Kc3 g3 60. Rc4+ Kf3 61. Rb4 Rxb7 62. Rxb7 g2 63. Rb1 f4 64. Kd3 Kg3 65. Kd2 f3 66. Ke3 f2 67. Rb3 g1=Q 0-1

[Event "Airthings Masters"]
[Site "chess.com INT"]
[Date "2023.02.03"]
[Round "7"]
[White "Daniil Dubov"]
[Black "Vasif Durarbayli"]
[Result "1/2-1/2"]
[EventDate "2023.02.03"]
[WhiteElo "2708"]
[BlackElo "2635"]
[PlyCount "54"]

1. d4 d5 2. c4 c6 3. Nf3 Nf6 4. Nc3 e6 5. g3 Nbd7 6. Qd3 b6 7. Bg2 Ba6 8. b3 c5 9. O-O Rc8 10. Nb5 Bxb5 11. cxb5 Bd6 12. Bb2 O-O 13. Rfc1 Qc7 14. Nd2 e5 15. dxc5 Nxc5 16. Qf5 Qe7 17. Nf1 g6 18. Qh3 e4 19. Bxf6 Qxf6 20. Ne3 Qe6 21. Qxe6 fxe6 22. Bh3 Rce8 23. b4 Nb7 24. Rc6 Kf7 25. a3 Ke7 26. Rac1 Nd8 27. Rc8 1/2-1/2

[Event "Airthings Masters"]
[Site "chess.com INT"]
[Date "2023.02.03"]
[Round "8"]
[White "Daniil Dubov"]
[Black "Vladimir Kramnik"]
[Result "1/2-1/2"]
[EventDate "2023.02.03"]
[WhiteElo "2708"]
[BlackElo "2753"]
[PlyCount "152"]

1. d4 Nf6 2. Nf3 e6 3. c4 Bb4+ 4. Nbd2 b6 5. g3 Bb7 6. Bg2 O-O 7. O-O Be7 8. b3 c5 9. dxc5 bxc5 10. Bb2 d6 11. Ng5 Bxg2 12. Kxg2 Nc6 13. e3 h6 14. Ngf3 a5 15. Rb1 a4 16. bxa4 Ra6 17. a3 Qa8 18. Qc2 Rxa4 19. Rfd1 Ne5 20. h3 Rd8 21. Re1 Rxc4 22. Nxc4 Nxf3 23. e4 Nxe1+ 24. Rxe1 Nxe4 25. Qxe4 d5 26. Qg4 dxc4+ 27. Kg1 Bf8 28. Qxc4 Qf3 29. Qc2 h5 30. h4 c4 31. Qe2 Qb3 32. Rc1 Rd3 33. Qc2 Qb6 34. Be5 Rd5 35. Bf4 Bxa3 36. Rb1 Rb5 37. Ra1 Bc5 38. Ra8+ Bf8 39. Qxc4 Rb1+ 40. Bc1 Qb7 41. Rc8 Qe7 42. Kg2 Qb7+ 43. Qc6 Qxc6+ 44. Rxc6 f6 45. Be3 e5 46. Rc8 Rb5 47. Rc7 Kh7 48. Rf7 Bb4 49. Rd7 Kg6 50. Rc7 Bd6 51. Rd7 Ba3 52. Ra7 Bb2 53. Rd7 Bc3 54. Kf3 Bb4 55. Kg2 Bf8 56. Kf3 Kf5 57. Rf7 e4+ 58. Kg2 Rb8 59. Ra7 Re8 60. Ra5+ Kg6 61. Rd5 Bb4 62. Rb5 Bd6 63. Rd5 Be5 64. Bd4 Bxd4 65. Rxd4 Kf5 66. Rd5+ Re5 67. Rd7 g6 68. Rb7 Ra5 69. Rb6 Ra2 70. Kg1 g5 71. hxg5 fxg5 72. Rb5+ Kg4 73. Re5 Kh3 74. Kf1 Ra1+ 75. Ke2 Kg4 76. Rxe4+ Kf5 1/2-1/2

[Event "Airthings Masters"]
[Site "chess.com INT"]
[Date "2023.02.03"]
[Round "9"]
[White "Samuel Sevian"]
[Black "Daniil Dubov"]
[Result "0-1"]
[EventDate "2023.02.03"]
[WhiteElo "2687"]
[BlackElo "2708"]
[PlyCount "104"]

1. e4 e5 2. Nf3 Nc6 3. Bb5 a6 4. Ba4 Nf6 5. O-O Be7 6. Re1 b5 7. Bb3 O-O 8. a4 Rb8 9. d3 d6 10. axb5 axb5 11. Nc3 Nb4 12. Ne2 c5 13. Bd2 Nc6 14. Ng3 Be6 15. c3 h6 16. h3 c4 17. Bc2 cxd3 18. Bxd3 Re8 19. Qe2 b4 20. Bb5 bxc3 21. Bxc3 Qb6 22. Bc4 d5 23. exd5 Nxd5 24. Bxd5 Bxd5 25. Nf5 Bf8 26. Ne3 Bb3 27. Ng4 f6 28. Nh4 Be6 29. Qe4 Ne7 30. Re3 Qb7 31. Rg3 Kh8 32. Qe2 Qb5 33. Qc2 Bf7 34. Re1 Rbc8 35. Qd1 Rcd8 36. Qf3 Qd5 37. Qe2 Qc4 38. Qc2 Qe6 39. Kh1 Qd6 40. Ne3 Qd3 41. Qa4 Be6 42. Nef5 Qd7 43. Qxd7 Rxd7 44. Nxe7 Bxe7 45. Ng6+ Kh7 46. Nxe7 Rexe7 47. Rge3 g5 48. R3e2 Rd3 49. Kg1 Red7 50. Ra1 Kg6 51. Ra6 Rd1+ 52. Kh2 Bc4 0-1

[Event "World Blitz Championship"]
[Site "Almaty KAZ"]
[Date "2022.12.30"]
[Round "13.3"]
[White "Daniil Dubov"]
[Black "Anish Giri"]
[Result "1/2-1/2"]
[EventDate "2022.12.29"]
[WhiteElo "2708"]
[BlackElo "2764"]
[PlyCount "66"]

1. d4 Nf6 2. Nf3 d5 3. Bg5 Ne4 4. Bh4 c5 5. e3 Nc6 6. Nbd2 cxd4 7. exd4 Bf5 8. c3 Qc7 9. Nxe4 Bxe4 10. Bd3 Bxd3 11. Qxd3 e6 12. O-O Bd6 13. Bg3 O-O 14. Ng5 g6 15. Bxd6 Qxd6 16. Qh3 h5 17. Qe3 Kg7 18. Rfe1 Rae8 19. Nf3 b5 20. b4 a5 21. a4 Rb8 22. bxa5 Nxa5 23. axb5 Rxb5 24. Ne5 Qc7 25. g4 hxg4 26. Nxg4 Rh8 27. Qf3 Qe7 28. Qf4 Nc4 29. Ra6 Rb7 30. Rea1 Rh4 31. Qg3 Rh8 32. Qf4 Rh4 33. Qg3 Rh8 1/2-1/2

[Event "World Blitz Championship"]
[Site "Almaty KAZ"]
[Date "2022.12.30"]
[Round "15.3"]
[White "Daniil Dubov"]
[Black "Haik M Martirosyan"]
[Result "0-1"]
[EventDate "2022.12.29"]
[WhiteElo "2708"]
[BlackElo "2682"]
[PlyCount "100"]

1. d4 Nf6 2. Nf3 d5 3. g3 g6 4. c4 c6 5. b3 Bg7 6. Bb2 O-O 7. Bg2 Bf5 8. O-O Nbd7 9. e3 a5 10. Nc3 Ne4 11. Qe2 Nxc3 12. Bxc3 Be4 13. Rfc1 a4 14. Bf1 Bxf3 15. Qxf3 e6 16. cxd5 exd5 17. b4 b5 18. Bd2 Rc8 19. Bh3 f5 20. g4 Nf6 21. gxf5 Ne4 22. Rc2 Qh4 23. Kg2 gxf5 24. Qf4 Qxf4 25. exf4 Bxd4 26. Rac1 a3 27. Be1 Bb2 28. Rd1 Nd6 29. Rd3 Kf7 30. Rg3 Rg8 31. Kf3 Rg6 32. Rg5 Rf6 33. Rh5 h6 34. Re2 Kg6 35. Rh4 Ne4 36. Bd2 d4 37. Rxe4 fxe4+ 38. Kxe4 Re8+ 39. Kd3 Bc3 40. f5+ Kg7 41. Bf4 Bxb4 42. Bg4 c5 43. Bh5 Re1 44. Rg4+ Kf8 45. Bg6 Bc3 46. Bxh6+ Ke7 47. Re4+ Rxe4 48. Kxe4 b4 49. Bg5 b3 50. axb3 a2 0-1

[Event "World Blitz Championship"]
[Site "Almaty KAZ"]
[Date "2022.12.30"]
[Round "16.5"]
[White "Jan-Krzysztof Duda"]
[Black "Daniil Dubov"]
[Result "0-1"]
[EventDate "2022.12.29"]
[WhiteElo "2729"]
[BlackElo "2708"]
[PlyCount "128"]

1. d4 Nf6 2. Bg5 d5 3. e3 Ne4 4. Bh4 c5 5. c3 Nc6 6. Nd2 Nd6 7. dxc5 Nf5 8. Bg3 Nxg3 9. hxg3 g6 10. Ngf3 Bg7 11. Be2 O-O 12. Qa4 h6 13. Nb3 Bd7 14. Qh4 b6 15. g4 bxc5 16. Nxc5 Rb8 17. Nb3 a5 18. g5 a4 19. gxh6 Bf6 20. Qxa4 Nb4 21. Qa7 Nc2+ 22. Kd2 Nxa1 23. Rxa1 Qc8 24. Ne1 Ra8 25. Qb6 Rb8 26. Qa5 Bf5 27. Bd3 Be6 28. Nc2 Bf5 29. Nb4 Bxd3 30. Nxd3 Qf5 31. Nd4 Bxd4 32. cxd4 Rfc8 33. b3 Rc6 34. f4 Rbc8 35. Nc5 Qg4 36. Re1 Qxg2+ 37. Re2 Qg1 38. Qa7 Qb1 39. Qxe7 Qxa2+ 40. Ke1 Qa1+ 41. Kf2 Qh1 42. Qe5 Qxh6 43. Qxd5 Qh2+ 44. Kf1 Qh3+ 45. Qg2 Qf5 46. Kf2 Rb6 47. Ra2 Re8 48. Qf3 Rbb8 49. Re2 Re7 50. e4 Qf6 51. e5 Qh4+ 52. Kg2 Rb4 53. Rd2 Ra7 54. Ne4 Ra1 55. Ng3 Ra3 56. Rb2 Rxd4 57. Ne2 Rb4 58. Qc3 Rb8 59. Qd4 Qg4+ 60. Kf2 Raa8 61. b4 Ra3 62. b5 Qf3+ 63. Ke1 Rd3 64. Qf2 Rd1+ 0-1